[Event "Challenge"]
[Site "http://www.queenalice.com/game.php?id=1844529"]
[Date "2024.10.1"]
[Round "-"]
[White "jorm"]
[Black "daddyrat"]
[Result "1-0"]
[WhiteElo "1832"]
[BlackElo "1771"]

1. e4 e5 2. Nc3 c6 3. d4 exd4 4. Qxd4 Na6 5. a3 Qf6 6. Qxf6 Nxf6 7. e5 Nd5 8.
Nxd5 cxd5 9. Nf3 h6 10. Nd4 Nc7 11. Be3 a6 12. Bf4 Bc5 13. c3 Ne6 14. Be3 Nxd4
15. cxd4 Be7 16. Bd3 d6 17. h3 Bd7 18. O-O O-O 19. f4 dxe5 20. dxe5 f6 21. exf6
Bxf6 22. Rab1 Be7 23. Bd4 Rac8 24. Rbe1 Bd6 25. f5 Bg3 26. Re7 Rf7 27. Rxf7 Kxf7
28. Bc3 Re8 29. Rf3 Bh4 30. g3 Bf6 31. Bxf6 Kxf6 32. Kf2 Bc6 33. h4 b5 34. b3 h5
35. Rf4 Rh8 36. a4 bxa4 37. bxa4 a5 38. Bc2 Ke5 39. Ke3 Rd8 40. Rd4 Re8 41. Rf4
Rf8 42. g4 hxg4 43. Rxg4 Rf7 44. h5 Kf6 45. Rg6+ Ke5 46. Rxc6 d4+ 47. Kf3 Rd7
48. Re6+ Kd5 49. Bd3 Rc7 50. h6 gxh6 51. Rxh6 Ke5 52. Kg4 Rc3 53. Re6+ Kd5 54.
Be4+ Kc5 55. Rc6+ Kb4 56. Rxc3 dxc3 57. f6 Kxa4 58. f7 Kb3 59. f8=Q a4 60. Qb8+
Ka2 61. Qb4 1-0

[Event "Challenge"]
[Site "http://www.queenalice.com/game.php?id=1851355"]
[Date "2025.1.31"]
[Round "-"]
[White "Leanne"]
[Black "daddyrat"]
[Result "0-1"]
[WhiteElo "1305"]
[BlackElo "1759"]

1. c4 d5 2. e3 Nf6 3. Nc3 e5 4. cxd5 Nxd5 5. Nxd5 Qxd5 6. d4 exd4 7. exd4 Bb4+
8. Bd2 Qxd4 9. Nf3 Qe4+ 10. Be2 O-O 11. O-O Bxd2 12. Qxd2 Bg4 13. Rae1 Qc6 14.
Ne5 Qd6 15. Qg5 Nc6 16. Nxg4 Rae8 17. Nf6+ Qxf6 18. Qxf6 gxf6 0-1

[Event "Challenge"]
[Site "http://www.queenalice.com/game.php?id=1851356"]
[Date "2025.1.31"]
[Round "-"]
[White "daddyrat"]
[Black "Leanne"]
[Result "1-0"]
[WhiteElo "1757"]
[BlackElo "1307"]

1. d4 d5 2. Nf3 Nf6 3. c4 dxc4 4. Qa4+ Bd7 5. Qxc4 e6 6. Nc3 b5 7. Nxb5 c6 8.
Nc3 Be7 9. e3 O-O 10. Bd3 g6 11. e4 Qc7 12. d5 Bd6 13. h3 exd5 14. exd5 cxd5 15.
Qh4 Be5 16. Qh6 Nc6 17. Ng5 Nd4 18. Nxd5 Qd6 19. Nxf6+ 1-0

[Event "Challenge"]
[Site "http://www.queenalice.com/game.php?id=1852709"]
[Date "2025.2.24"]
[Round "-"]
[White "cdare"]
[Black "daddyrat"]
[Result "1/2-1/2"]
[WhiteElo "1964"]
[BlackElo "1786"]

1. e4 e5 2. Nf3 Nc6 3. Nc3 d6 4. h3 f5 5. d3 Nf6 6. Bg5 Be6 7. Be2 h6 8. Bxf6
Qxf6 9. O-O f4 10. Nb5 O-O-O 11. c3 a6 12. Na3 g5 13. Nh2 Qg7 14. Bg4 Qf6 15.
Bxe6+ Qxe6 16. b4 d5 17. f3 dxe4 18. fxe4 Be7 19. Nc4 h5 20. a4 g4 21. hxg4 hxg4
22. Qxg4 Qxg4 23. Nxg4 Rh4 24. Nh2 Rdh8 25. Nf3 R4h5 26. Kf2 Kd7 27. Ncxe5+ Nxe5
28. Nxe5+ Rxe5 29. Kf3 Rh4 30. Rh1 Reh5 31. Rxh4 Rxh4 32. Rd1 c5 33. b5 axb5 34.
axb5 b6 35. d4 Kd6 36. Ra1 cxd4 37. cxd4 Ke6 38. Rc1 Kd7 39. Ra1 Bb4 40. Ra7+
Kc8 41. Rf7 Bd2 42. Rf6 Kc7 43. d5 Be3 44. Rc6+ Kd7 45. Rg6 Rh1 46. e5 Rb1 47.
g3 Rxb5 48. Rd6+ Kc7 49. gxf4 Rb3 50. Ke4 Bc5 51. Rg6 Rb4+ 52. Kf5 Be3 53. Rg4
Kd7 54. d6 Rd4 55. Kg5 Ke6 56. Rh4 b5 57. Rh6+ Kd7 58. Rf6 b4 59. Rf7+ Ke8 60.
Rb7 Bxf4+ 61. Kf5 Bg3 62. Rb5 Kd7 63. Rb7+ Kd8 64. Ke6 Rc4 65. Kd5 Rh4 66. e6
Rh5+ 67. Kc6 Re5 68. e7+ Ke8 69. Rxb4 Re6 70. Rb8+ Kf7 71. Rf8+ Kg7 72. e8=Q
Rxe8 73. Rxe8 Kf7 74. d7 Bh4 75. Rh8 Be7 76. Kc7 Bf6 77. Rh6 Be7 78. Rh7+ Ke6
79. Rxe7+ Kxe7 80. d8=Q+ Ke6 81. Kc6 Ke5 82. Qd5+ Kf4 83. Kd6 Ke3 84. Ke5 Ke2
85. Qd4 Kf3 86. Qe4+ Kg3 87. Qf4+ Kg2 88. Ke4 Kh3 89. Kf3 1/2-1/2

[Event "Challenge"]
[Site "http://www.queenalice.com/game.php?id=1853238"]
[Date "2025.3.4"]
[Round "-"]
[White "cdare"]
[Black "daddyrat"]
[Result "0-1"]
[WhiteElo "1900"]
[BlackElo "1765"]

1. e4 e5 2. Nf3 Nc6 3. Nc3 Nf6 4. Bc4 h6 5. d3 d6 6. h3 a6 7. O-O Be6 8. Bxe6
fxe6 9. Bd2 Nd4 10. Nxd4 exd4 11. Ne2 e5 12. Bb4 c5 13. Ba3 a5 14. b3 b5 15. Ng3
g6 16. f3 h5 17. Qd2 Bh6 18. Qe1 h4 19. Ne2 Nh5 20. Kh2 Nf4 21. Nxf4 Bxf4+ 22.
Kh1 Qf6 23. Bc1 g5 24. Bxf4 gxf4 25. Rb1 Kd7 26. a4 b4 27. Rg1 Rag8 28. Rc1 Qe6
29. Qd2 Rg3 30. Rce1 Rhg8 31. Re2 R8g5 32. Rf2 d5 33. Kh2 dxe4 34. dxe4 c4 35.
Qe2 cxb3 36. Qb5+ Ke7 37. Qxa5 bxc2 38. Rxc2 Qd6 39. Qa7+ Kf6 40. Qb7 Rg7 41.
Rc6 Rxb7 42. Rxd6+ Ke7 43. Rd5 Ke6 44. Rb5 Rxb5 45. axb5 Kd6 46. Ra1 Kc5 47. Ra5
Rg5 48. Kg1 b3 49. Ra1 Kxb5 50. Rb1 Kb4 51. Rb2 Ka3 52. Rb1 Ka2 53. Rd1 b2 54.
Rd2 Ka1 0-1

[Event "Challenge"]
[Site "http://www.queenalice.com/game.php?id=1861299"]
[Date "2025.8.8"]
[Round "-"]
[White "cdare"]
[Black "daddyrat"]
[Result "1-0"]
[WhiteElo "1890"]
[BlackElo "1793"]

1. e4 e5 2. Nf3 Nc6 3. Nc3 Nf6 4. Bc4 d6 5. h3 Be6 6. Bb5 a6 7. Bxc6+ bxc6 8. d3
h6 9. O-O d5 10. Nxe5 d4 11. Ne2 Bd6 12. Bf4 c5 13. a3 Nh5 14. Bh2 Qf6 15. Nf3
Nf4 16. Nxf4 Bxf4 17. Bxf4 Qxf4 18. Qd2 Qf6 19. b4 cxb4 20. Qxb4 Qg6 21. Kh2 Bd7
22. Qxd4 O-O 23. Qxd7 c5 24. Ne5 Qf6 25. Ng4 Qf4+ 26. Kh1 Rfd8 27. Qa4 h5 28.
Ne3 g5 29. g3 1-0

[Event "AUTO-ADV-4930"]
[Site "http://www.queenalice.com/game.php?id=1871920"]
[Date "2026.4.14"]
[Round "1"]
[White "Shizumaru_Hisame"]
[Black "daddyrat"]
[Result "0-1"]
[WhiteElo "1990"]
[BlackElo "1806"]

1. d4 d5 2. Bd2 Nc6 3. Bc3 Nf6 4. f3 Bf5 5. g4 Bd7 6. Nd2 e6 7. Nb3 Bd6 8. Qd2
e5 9. O-O-O e4 10. h4 Qe7 11. h5 Nb4 12. Kb1 h6 13. g5 hxg5 14. Qxg5 O-O-O 15.
Rh4 Nxh5 16. Rxh5 Rxh5 17. Qxh5 exf3 18. Qxf3 g5 19. Bh3 Bxh3 20. Nxh3 f6 21.
Bd2 Qe6 22. Re1 g4 23. Nf4 Qf5 24. e4 dxe4 25. Qxe4 Qxe4 26. Rxe4 f5 27. Re1 Rg8
28. Ng2 g3 29. Rg1 Nd5 30. Nc1 f4 31. Nxf4 Nxf4 32. Bxf4 Bxf4 33. Ne2 Bd6 34.
Kc1 g2 35. Kd2 Bh2 36. Re1 Rf8 37. Ng3 Bxg3 38. Rg1 Rf2+ 39. Kc3 Bh2 0-1

[Event "AUTO-ADV-4930"]
[Site "http://www.queenalice.com/game.php?id=1871921"]
[Date "2026.4.14"]
[Round "1"]
[White "daddyrat"]
[Black "Shizumaru_Hisame"]
[Result "1-0"]
[WhiteElo "1833"]
[BlackElo "1964"]

1. e4 d5 2. exd5 Qxd5 3. Nc3 Qd8 4. d4 Bf5 5. Nf3 e6 6. Ne5 g6 7. Bf4 a6 8. g4
Bxc2 9. Qxc2 Qxd4 10. Nd3 Qb6 11. Na4 Qd4 12. O-O-O Qd5 13. Nb4 Qa5 14. a3 Bxb4
15. Bxc7 Qg5+ 16. Kb1 Be7 17. Bd6 Nc6 18. Bg2 Qb5 19. Nc5 Bf6 20. Bf1 Qb6 21.
Bg2 Nge7 22. Ne4 Bg7 23. Bc5 Qc7 24. Nd6+ Kf8 25. Nc4 Be5 26. Nxe5 Qxe5 27. h3
Kg7 28. Bd6 Qb5 29. f4 Rhc8 30. Qc3+ Kg8 31. Rc1 Nd5 32. Bxd5 Ne7 33. Bc4 Qe8
34. Qf6 Nc6 35. Rhe1 Qd8 36. Qxd8+ Rxd8 37. Bc5 Rd2 38. f5 exf5 39. gxf5 Rh2 40.
fxg6 hxg6 41. Rg1 Kg7 42. Rcf1 Ne5 43. Bd4 f6 44. Bxe5 fxe5 45. Rf7+ Kh6 46. Rf6
Rxh3 47. Rgxg6+ Kh5 48. Be2+ Kh4 49. Rg4+ Kh5 50. Rg8+ Kh4 51. Rh6# 1-0

[Event "AUTO-ADV-4930"]
[Site "http://www.queenalice.com/game.php?id=1871934"]
[Date "2026.4.14"]
[Round "1"]
[White "SGF"]
[Black "daddyrat"]
[Result "0-1"]
[WhiteElo "1684"]
[BlackElo "1785"]

1. e4 e5 2. Qf3 Nf6 3. d3 h6 4. Be2 Nc6 5. c3 Bc5 6. Qg3 g6 7. b4 Be7 8. b5 Na5
9. a4 Nb3 10. Ra2 Nxc1 11. Ra3 Bxa3 12. Nxa3 d6 13. Nf3 Bg4 14. O-O Nxe2+ 15.
Kh1 Nxg3+ 16. fxg3 Be6 17. c4 Qd7 18. h3 g5 19. g4 h5 20. Nxg5 hxg4 21. Rxf6
gxh3 22. gxh3 Rxh3+ 23. Nxh3 Bxh3 24. Rh6 O-O-O 25. a5 Qg4 26. a6 Qg2# 0-1

[Event "AUTO-ADV-4930"]
[Site "http://www.queenalice.com/game.php?id=1871935"]
[Date "2026.4.14"]
[Round "1"]
[White "daddyrat"]
[Black "SGF"]
[Result "1/2-1/2"]
[WhiteElo "1788"]
[BlackElo "1746"]

1. e4 e5 2. Nf3 Qf6 3. d4 d6 4. h3 Be7 5. Nc3 c6 6. d5 Qg6 7. dxc6 bxc6 8. Be3
Nf6 9. Qd3 h6 10. O-O-O a5 11. Nxe5 dxe5 12. g4 h5 13. g5 Nfd7 14. h4 O-O 15.
Bh3 Ba6 16. Qd2 Bb5 17. Bxd7 Nxd7 18. Qxd7 Bb4 19. Nxb5 cxb5 20. f3 Rad8 21.
Qxb5 Rxd1+ 22. Rxd1 Qe6 23. a3 Qa2 24. axb4 Qa1+ 25. Kd2 Rd8+ 26. Ke2 Qxd1+ 27.
Kf2 Qxc2+ 28. Kg3 Qxb2 29. Qxa5 Rd3 30. Qa8+ Kh7 31. Qa7 Qb3 32. Kf2 Qc2+ 33.
Kg3 Qe2 34. Qxf7 Qe1+ 35. Bf2 Qxe4 36. Qxh5+ Kg8 37. Qe8+ Kh7 38. Qh5+ Kg8 39.
Qe8+ Kh7 40. Qh5+ Kg8 41. Qe8+ Kh7 1/2-1/2

[Event "AUTO-ADV-4930"]
[Site "http://www.queenalice.com/game.php?id=1871944"]
[Date "2026.4.14"]
[Round "1"]
[White "daddyrat"]
[Black "shmurtz91"]
[Result "0-1"]
[WhiteElo "1797"]
[BlackElo "1876"]

1. e4 Nc6 2. d4 e6 3. Nf3 Nf6 4. Bg5 h6 5. Bh4 Be7 6. d5 exd5 7. Bxf6 Bxf6 8. c3
dxe4 9. Nd4 Nxd4 10. cxd4 c6 11. Bc4 d5 12. Be2 Qb6 13. O-O Qxb2 14. Nd2 Qxd4
15. Nb3 Qe5 16. f4 Qe7 17. Rb1 O-O 18. Nd4 Qc5 19. Kh1 Qxd4 20. Qe1 b5 21. a3 a6
22. Rb4 Qb6 23. a4 a5 24. Rb1 b4 25. Rb3 c5 26. Bb5 Bf5 27. Qe2 c4 28. Bxc4 dxc4
29. Qxc4 Be6 0-1

[Event "AUTO-ADV-4930"]
[Site "http://www.queenalice.com/game.php?id=1871945"]
[Date "2026.4.14"]
[Round "1"]
[White "shmurtz91"]
[Black "daddyrat"]
[Result "0-1"]
[WhiteElo "1885"]
[BlackElo "1786"]

1. e4 e5 2. d4 exd4 3. Nf3 Nc6 4. Bc4 h6 5. c3 dxc3 6. Qd5 Qf6 7. Nxc3 Bb4 8. e5
Qe6 9. O-O Qxd5 10. Nxd5 Ba5 11. Be3 Nge7 12. Bc5 Nxd5 13. Bxd5 Nxe5 14. Nxe5 d6
15. Nc4 dxc5 16. Nxa5 O-O 17. Nb3 c6 18. Bc4 b5 19. Be2 c4 20. Na5 c5 21. Bf3
Rb8 22. Nc6 Rb7 23. Ne7+ Rxe7 24. Bc6 b4 25. Bb5 c3 26. bxc3 a6 27. Ba4 Bd7 28.
Bb3 a5 29. a3 Rb8 30. Rfd1 bxc3 31. Rab1 Bf5 32. Bxf7+ Kxf7 33. Rxb8 c2 34. Rc1
Rd7 0-1

[Event "Challenge"]
[Site "http://www.queenalice.com/game.php?id=1872022"]
[Date "2026.4.16"]
[Round "-"]
[White "Leanne"]
[Black "daddyrat"]
[Result "0-1"]
[WhiteElo "1298"]
[BlackElo "1783"]

1. e4 e5 2. Nf3 Nc6 3. Nc3 Nf6 4. Bb5 d6 5. O-O Be6 6. Ng5 Qd7 7. Nxe6 Qxe6 8.
h3 Be7 9. d3 O-O 10. Bc4 Qd7 11. Bg5 Na5 12. Nd5 Nxd5 13. Bxe7 Nxe7 14. Qf3 Nxc4
15. dxc4 f5 16. Qe3 f4 17. Qe2 f3 18. Qd3 fxg2 19. Kxg2 Rf4 20. Qg3 Raf8 21. f3
R8f6 22. Qh2 Ng6 23. Rh1 Nh4+ 24. Kf2 Rxf3+ 25. Ke2 Qf7 26. Raf1 Rxf1 0-1

[Event "Challenge"]
[Site "http://www.queenalice.com/game.php?id=1872023"]
[Date "2026.4.16"]
[Round "-"]
[White "daddyrat"]
[Black "Leanne"]
[Result "1-0"]
[WhiteElo "1781"]
[BlackElo "1300"]

1. e4 c5 2. Bc4 e6 3. Nc3 Nc6 4. Nf3 d5 5. exd5 exd5 6. Nxd5 Nf6 7. d3 Be7 8.
O-O O-O 9. Nxe7+ Qxe7 10. Be3 Bg4 11. Re1 Bxf3 12. Qxf3 Nb4 13. Re2 b6 14. Rae1
Qd7 15. Bg5 Ng4 16. h3 h5 17. hxg4 hxg4 18. Qg3 Rae8 19. Rxe8 Rxe8 20. Rxe8+
Qxe8 21. Qxg4 Qc6 22. Qf5 Qc7 23. Bf4 g6 24. Qxg6+ Kf8 25. Bd6+ 1-0

[Event "AUTO-ADV-4938"]
[Site "http://www.queenalice.com/game.php?id=1874156"]
[Date "2026.5.30"]
[Round "1"]
[White "Jsc"]
[Black "daddyrat"]
[Result "1-0"]
[WhiteElo "2021"]
[BlackElo "1873"]

1. e4 e5 2. Nf3 Nc6 3. d4 exd4 4. Nxd4 Nxd4 5. Qxd4 d6 6. Nc3 Be6 7. Be2 Nf6 8.
h3 c5 9. Qe3 Be7 10. O-O O-O 11. Qg3 Nh5 12. Bxh5 Bh4 13. Qd3 a6 14. a4 b6 15.
Bf4 Be7 16. Nd5 Ra7 17. Nxe7+ Qxe7 18. c4 Qf6 19. Bd2 Rfa8 20. Bc3 Qe7 21. a5
bxa5 22. Rxa5 g6 23. Bf3 f5 24. exf5 Bxf5 25. Qd2 Rd8 26. Rfa1 Be6 27. b3 Rb8
28. Qd1 Kf8 29. Rxa6 Rxa6 30. Rxa6 Rd8 31. Qa1 h5 32. Ra7 Qg5 33. Bf6 1-0

[Event "AUTO-ADV-4938"]
[Site "http://www.queenalice.com/game.php?id=1874168"]
[Date "2026.5.30"]
[Round "1"]
[White "Daniel1962"]
[Black "daddyrat"]
[Result "0-1"]
[WhiteElo "1813"]
[BlackElo "1838"]

1. e4 e5 2. Bc4 Bc5 3. Nf3 Nc6 4. d3 h6 5. Nc3 Nf6 6. Nd5 d6 7. Nxf6+ Qxf6 8.
Bd2 Bg4 9. h3 Bh5 10. g4 Bg6 11. g5 Qe7 12. Qe2 Bh5 13. gxh6 gxh6 14. O-O-O
O-O-O 15. Be3 Nd4 16. Bxd4 Bxd4 17. c3 Bb6 18. d4 exd4 19. cxd4 d5 20. Bd3 Bxd4
21. Rhg1 Qf6 22. Rg3 Be5 23. Qe3 Bxg3 24. fxg3 dxe4 25. Bxe4 Rhe8 26. Rxd8+ Qxd8
27. Bf5+ Kb8 28. Qb3 Bxf3 29. Qxf3 Re5 30. Be4 Rc5+ 31. Kb1 Qd2 32. Qh1 Re5 33.
a3 c6 34. g4 a5 35. Ka2 Rb5 36. Qb1 a4 37. Bd3 Rb3 38. Bc2 Rxh3 39. Bxa4 Qd5+
40. b3 Rh2+ 41. Ka1 Qd4+ 0-1

[Event "AUTO-ADV-4938"]
[Site "http://www.queenalice.com/game.php?id=1874169"]
[Date "2026.5.30"]
[Round "1"]
[White "daddyrat"]
[Black "Daniel1962"]
[Result "1-0"]
[WhiteElo "1863"]
[BlackElo "1798"]

1. d4 d5 2. Nf3 Nc6 3. Nc3 Be6 4. e4 dxe4 5. Nxe4 Qd5 6. Nc3 Qa5 7. Bb5 Bd7 8.
Bc4 e6 9. O-O Bd6 10. Qe2 Nf6 11. Bg5 Be7 12. d5 exd5 13. Bb3 d4 14. Ne4 O-O-O
15. Bxf7 Bg4 16. Bd2 Qf5 17. Nxf6 Qxf6 18. Bc4 Nb4 19. Qe4 Bxf3 20. Qxf3 Qxf3
21. gxf3 Nxc2 22. Rac1 Nb4 23. Be6+ Kb8 24. Bf4 Bd6 25. Bg5 Nd3 26. Rcd1 Nxb2
27. Rxd4 Bxh2+ 28. Kxh2 Rxd4 29. Rg1 Nd3 30. Be3 Rh4+ 31. Kg3 Rh5 32. Rd1 Nc5
33. Bg4 Re5 34. f4 Re7 35. Bxc5 Re4 36. Bd4 h5 37. Bf5 h4+ 38. Kf3 Re7 39. Kg2
b6 40. Bh3 Rf8 41. Be3 Ref7 42. Rd4 c5 43. Rc4 Kb7 44. f5 Kc6 45. Rxh4 a5 46. a4
c4 47. Rxc4+ Kd5 48. Rd4+ Ke5 49. f4+ Kf6 50. Rd6+ Ke7 51. Rxb6 Rf6 52. Bc5+ Ke8
53. Rb8+ Kd7 54. Bxf8 g6 55. Bg7 Rc6 56. fxg6+ Ke7 57. Bf8+ Kf6 58. g7 Kf7 59.
Kg3 Rc4 60. Be6+ 1-0

[Event "AUTO-ADV-4938"]
[Site "http://www.queenalice.com/game.php?id=1874174"]
[Date "2026.5.30"]
[Round "1"]
[White "Capixabba789"]
[Black "daddyrat"]
[Result "0-1"]
[WhiteElo "1844"]
[BlackElo "1853"]

1. d4 d5 2. Nc3 Nf6 3. f4 Ne4 4. Bd2 Nc6 5. Nf3 Bf5 6. e3 a6 7. Be2 e6 8. O-O h6
9. Nxe4 Bxe4 10. c3 Bd6 11. Ne5 Ne7 12. Nxf7 Kxf7 13. Qe1 Ng6 14. b3 Ke7 15. c4
c6 16. c5 Bc7 17. Qg3 Rf8 18. Bh5 Qe8 19. Qg4 Bf5 20. Qg3 Rd8 21. b4 Kd7 22. a4
Rf6 23. b5 axb5 24. axb5 cxb5 25. Ra7 Rb8 26. Rfa1 Qe7 27. Bb4 Kc8 28. Qe1 Qd7
29. Qc1 Qc6 30. Qa3 Rf8 31. Ra8 Kd7 32. Ra7 Be4 33. Ba5 Nh4 34. Ra2 Ke7 35. Bb6
Bxb6 36. cxb6+ Kf6 37. Qa5 Qc1+ 38. Kf2 Nxg2 39. Qd2 Qh1 40. Kg3 Qb1 41. Bf3
Bxf3 42. Kxf3 Qe4+ 43. Kf2 g5 44. Qc2 Qxc2+ 45. Rxc2 Nh4 46. Rc7 Rf7 47. Ra5
gxf4 48. Rxf7+ Kxf7 49. exf4 Nf5 50. Rxb5 Nxd4 51. Rc5 Nc6 52. h4 h5 53. Kf3 Kf6
54. Rc1 Rg8 55. Rc5 Rg4 56. Ke3 Rxh4 57. Rxc6 Rh3+ 58. Kd4 bxc6 59. Kc5 Rb3 60.
Kxc6 h4 61. b7 h3 0-1

[Event "AUTO-ADV-4938"]
[Site "http://www.queenalice.com/game.php?id=1874175"]
[Date "2026.5.30"]
[Round "1"]
[White "daddyrat"]
[Black "Capixabba789"]
[Result "0-1"]
[WhiteElo "1854"]
[BlackElo "1846"]

1. d4 d5 2. Nf3 Nf6 3. Nc3 e6 4. a3 Be7 5. Ne5 O-O 6. Bf4 Nbd7 7. e3 c6 8. Bd3
Bd6 9. Qf3 Ne8 10. Qg3 Qe7 11. Bh6 Nxe5 12. Qxg7+ Nxg7 13. dxe5 Bxe5 14. f4
Bxc3+ 15. bxc3 Qc5 16. O-O Qxe3+ 17. Kh1 Re8 18. Rae1 Qc5 19. Bxg7 Kxg7 20. f5
e5 21. f6+ Kh8 22. Rg1 e4 23. Be2 Qxc3 24. Bh5 Be6 25. Rgf1 Qxa3 26. Rf2 Rg8 27.
h3 Rg3 28. Ref1 Bxh3 29. Bxf7 Rf8 30. Bh5 Be6 0-1